[Event "Biel GM"]
[Site "Biel"]
[Date "2007.07.23"]
[Round "1"]
[White "Carlsen, Magnus"]
[Black "Bu, Xiangzhi"]
[Result "1-0"]
[WhiteElo "2710"]
[BlackElo "2685"]
[Annotator "Krasenkow,Michal"]
[PlyCount "167"]
[EventDate "2007.07.23"]
[EventType "tourn"]
[EventRounds "9"]
[EventCountry "SUI"]
[EventCategory "18"]
[SourceTitle "CBM 120"]
[Source "ChessBase"]
[SourceDate "2007.10.02"]
[SourceVersion "1"]
[SourceVersionDate "2007.10.02"]
[SourceQuality "1"]

1. d4 d5 2. c4 c6 3. Nc3 Nf6 4. e3 g6 5. Nf3 Bg7 6. Be2 O-O 7. O-O a6 {A useful move asking White to declare his intentions.} 8. b3 ({I myself preferred} 8. Bd2 {against S.Conquest.}) 8... Ne4 9. Bb2 Nxc3 10. Bxc3 Bg4 11. h3 Bxf3 12. Bxf3 e6 {Very solid. Black has got rid of two pairs of "less necessary" pieces, now he has a good bishop and no weaknesses.} 13. Qd2 $5 {An interesting plan. White puts his bishop on a5 in order to provoke the weakening ...b7-b6.} (13. Qc2 Nd7 14. e4 dxe4 15. Qxe4 Rc8 16. Rfd1 Nf6 17. Qe3 Re8 18. Rd3 Re7 19. Rad1 Ne8 $2 (19... Rd7 $142) 20. Bb4 Nd6 21. Qf4 Rd7 22. d5 $1 cxd5 (22... e5 23. dxc6 exf4 24. cxd7 Qxd7 25. Rxd6 $16) 23. Bxd5 $1 Nf5 24. Bxe6 $1 Rxd3 25. Rxd3 Qxd3 26. Bxc8 $18 {1-0 Riazantsev,A-Sergienko,S/Sochi 2005/CBM 107 (31)}) 13... Re8 $146 ({In case of} 13... a5 14. a4 {Black's a5 pawn will require permanent attention} (14. e4 $143 dxe4 15. Bxe4 a4)) ({RR} 13... Nd7 14. Ba5 Qf6 15. Bc7 Rfc8 16. Bg3 Qe7 17. Rac1 Bf8 18. Rc2 Qb4 19. Qc1 Re8 20. Rd1 Bd6 21. Bh4 Be7 22. Bg3 Bd6 23. Bxd6 Qxd6 24. Qb2 a5 25. a3 Nf6 26. Rb1 Ra7 27. b4 axb4 28. axb4 {Wang,H (2735)-Wang,Y (2723) Beijing 2013 ½-½ (63)}) ({RR} 13... Nd7 14. a4 f5 15. Bb4 Rf7 16. Bd6 Nf6 17. Be5 Ne4 18. Bxe4 fxe4 19. Bxg7 Kxg7 20. Qe2 Qh4 21. Qg4 Qxg4 22. hxg4 Raf8 23. Ra2 h5 24. gxh5 gxh5 25. Rc2 Kg6 26. b4 Kf6 27. b5 axb5 28. axb5 {Gloor,R (2321)-Sermier,G (2427) Switzerland 2013 ½-½ (66)}) 14. Ba5 $1 Qe7 15. Rac1 Nd7 16. Qb4 {The queen exchange looks logical to make use of White's bishop pair but Black finds a good reply.} Qxb4 17. Bxb4 a5 18. Bd2 (18. Bd6 Bf8 $5) 18... dxc4 $5 19. bxc4 e5 20. d5 $6 (20. Bc3 $1 {was the only way to fight for an edge.}) 20... e4 21. Be2 Red8 (21... cxd5 22. cxd5 Re5 {was a simpler way to equality, e.g.} 23. d6 (23. Bc4 Nb6 24. d6 Rd8) 23... Rd5 24. Rfd1 Rxd6 25. Bxa5 Rxd1+ (25... Bf8 $5) 26. Rxd1 Rxa5 (26... Ne5 $5) (26... Nf8 $5 27. Rd5 $140 b6 28. Bxb6 Rxa2) 27. Rxd7 Rxa2 28. Bc4 Ra1+ 29. Kh2 b5 30. Bxf7+ Kf8 31. Be6 Be5+ 32. g3 Ra6 33. Bd5 Rd6 $11) 22. Rfd1 cxd5 23. cxd5 Nf6 24. Be1 Nxd5 $6 {Starting a series of inaccuracies, which eventually lead to a lost endgame.} (24... Rxd5 25. Rxd5 Nxd5 26. Rc5 Nb4 27. Bxb4 axb4 28. Bc4 Rd8 $1 $11) 25. Rc5 Nb4 26. Rxa5 $1 $14 Nc2 27. Bd2 Rxa5 (27... Rac8 28. Rb5 Rc7 29. Ba5 Rxd1+ 30. Bxd1 Na3 31. Bxc7 Nxb5 32. Bb6 $14) 28. Bxa5 Ra8 29. Rd5 Bf8 $6 {It was absolutely crucial not to allow the white bishop to the a2-g8 diagonal.} (29... Na3 $1 30. Bb4 (30. Bd1 Nc4 31. Bb4 Bf8 $14) 30... Bf8 $14 31. Bxa3 Rxa3 32. Bc4 Rc3 33. Bb3 Kg7 $1 34. g3 (34. Rd7 Rc1+ 35. Kh2 Rc7 $1) 34... Rc7 35. Rb5 f5 $16 {with a better defense than he had in the game.}) 30. Bd1 Nb4 31. Bxb4 Bxb4 32. Bb3 {[%csl Gb3,Re4,Rf7][%mdl 4096] Despite the opposite-coloured bishops, Black's position is difficult because White's bishop is much stronger and the f7 pawn is under pressure. Material losses are inevitable.} b6 (32... Re8 33. Rb5 Bd6 34. Rxb7 {is hardly a lesser evil.}) 33. Rd7 {White is not hurrying to take the e4 pawn. It is more important to force the black rook to f8.} Rf8 34. g4 g5 35. Rb7 Bc5 36. Bd5 Kg7 37. Kf1 ({Again not} 37. Bxe4 Re8 {[%cal Ye8e7]}) 37... h6 38. Ke2 Kf6 39. a4 Kg7 40. Rc7 Bb4 41. Bxe4 {It's time now!} Rd8 (41... Re8 42. Bd5 Re7 43. Rc6 Ba5 (43... Bc5 $2 44. a5) 44. e4 {[%cal Ye2b5,Yc6b6]}) 42. Bd3 Kf8 43. Rb7 Rd6 44. Bc4 Rf6 {The rook is not much more active on f6 than on f8. White's winning plan is: f2-f4-f5 and then preparation of the exchange sacrifice on b6.} 45. Bd5 Be7 46. f3 Bb4 47. Kd3 Be1 48. Ke4 Bg3 49. Bc4 Be1 50. f4 gxf4 51. exf4 Bg3 52. f5 Be1 53. Bd5 Kg7 54. Kd4 h5 55. Kc4 hxg4 56. hxg4 Bf2 57. Be6 Be3 58. Kd5 Kf8 59. Ke5 Kg7 60. Ke4 Bd2 61. Kd3 Bf4 62. Kc4 Kf8 63. Bd5 Be3 64. Kb5 Kg7 65. Be6 Kf8 66. Bc4 Bf2 67. Bd5 Kg7 68. Bc6 Kh6 69. Rxb6 $1 {Such an exchange sacrifice, creating a passed pawn, is a typical winning method in + vs + engings, with opposite-coloured bishops.} Kg5 70. a5 $1 Rd6 (70... Kxg4 71. Bd7 $1 Kg5 (71... Rxb6+ 72. axb6 Bg3 73. Ka6 Kf3 74. Kb7 $1 $18) 72. Rxf6 Kxf6 73. Kc6 Ke7 74. a6 Kd8 (74... Be3 75. Kc7 $1) 75. f6 $1 Bg1 76. Bg4 Bf2 77. Kb7 Be3 78. Bh5 $18) 71. Rb7 Kxg4 72. Rxf7 Kg5 73. Rd7 {The bishop endgame is now absolutely winning for White.} Rh6 74. Be4 Rh8 75. a6 Rb8+ 76. Kc4 Kf4 77. Re7 Rc8+ 78. Kd3 Rd8+ 79. Ke2 Bd4 80. Bd3 Bc5 81. Re6 Rh8 82. f6 Rh2+ 83. Kd1 Rh6 84. f7 1-0

[Event "Biel GM"]
[Site "Biel"]
[Date "2007.07.28"]
[Round "5"]
[White "Carlsen, Magnus"]
[Black "Onischuk, Alexander"]
[Result "1-0"]
[WhiteElo "2710"]
[BlackElo "2650"]
[Annotator "Carlsen,Magnus"]
[PlyCount "75"]
[EventDate "2007.07.23"]
[EventType "tourn"]
[EventRounds "9"]
[EventCountry "SUI"]
[EventCategory "18"]
[SourceTitle "CBM 120"]
[Source "ChessBase"]
[SourceDate "2007.10.02"]
[SourceVersion "1"]
[SourceVersionDate "2007.10.02"]
[SourceQuality "1"]

1. d4 Nf6 2. c4 e6 3. Nf3 d5 4. Bg5 h6 5. Bxf6 {I figured that this might be a reasonable choice since Onischuk doesn't usually play the Moscow with Black, and avoids it by choosing the sharper h4 with White. Dies schien mir eine vernünftige Wahl zu sein, denn Onischuk spielt die Moskauer Variante gewöhnlich nicht mit Schwarz, und mit Weiß vermeidet er sie durch das schärfere 5.h4.} Qxf6 6. Nc3 c6 7. Qb3 dxc4 {I don't honestly believe that White has serious chances of obtaining an advantage in the lines starting with 7...d7 8.e4, but I felt that Onischuk probably wasn't ready for this challenge. Ich glaube nicht wirklich, dass Weiß in den Abspielen mit 7...d7 8.e4 ernste Chancen auf Vorteil hat, aber ich spürte, dass Onischuk für diese Herausforderung wahrscheinlich nicht bereit war.} 8. Qxc4 Nd7 9. e3 g6 10. Be2 (10. h4 {is sharper and probably stronger, and certainly the critical line. It wasn't such positions I was aiming for, though. ist schärfer und womöglich starker, und auf jeden Fall auch das kritische Abspiel. Dies war aber nicht der Stellungstyp, den ich anstrebte.}) 10... Bg7 11. O-O O-O 12. Rfd1 {I was quite happy with the outcome of the opening, but it is hard to believe that White has anything serious still. Ich war mit dem Ausgang der Eröffnung ganz zufrieden, doch es fällt trotzdem schwer zu glauben, dass Weiß etwas Ernsthaftes hat.} e5 {Perhaps not the most accurate, the waiting move Vielleicht nicht das Genaueste; der Wartezug} (12... Qe7 {was worth considering. The text should, however, be fine as well. kam in Betracht. Doch auch der Textzug sollte in Ordnung sein.}) 13. Ne4 {The only way to play for an advantage, after 13.d5 b6 or 13.dxe5 xe5 White could even have ended up worse. Der einzige Weg, auf Vorteil zu spielen; nach 13.d5 b6 oder 13.dxe5 xe5 könnte Weiß am Ende sogar schlechter stehen.} Qe7 $6 (13... Qf5 $1 {was actually quite interesting, and what I had considered best during the game. Even though White is allowed to put the knight on d6 he has nothing. On the other hand, 13...f5 is a difficult move to make, allowing the knight to jump to d6 with tempo. war tatsächlich ziemlich interessant und wurde von mir während der Partie auch als Bestes eingestuft. Obwohl Weiß erlaubt wird, den Springer nach d6 zu fahren, hat er nichts. Andererseits macht man einen Zug wie 13...f5 nicht ohne Weiteres, schließlich wird ja dem Springer gestattet, mit Tempo nach d6 zu hüpfen.}) 14. d5 cxd5 15. Qxd5 Nb6 (15... Nf6 16. Qd6 Qxd6 17. Nxd6 {is a small plus for White as well. ergibt ebenfalls ein leichtes Plus für Weiß.}) 16. Qc5 Qxc5 17. Nxc5 Bg4 $146 (17... Rb8 18. Rac1 {is quite difficult for Black since he cannot develop his bishop comfortably. 18...f5 is met by 19.h4 and 18...g4 with 19.h3. ist recht schwierig für Schwarz, da er seinen Läufer nicht bequem entwickeln kann: Auf 18...f5 folgt 19.h4 und auf 18...g4 19.h3.}) ({RR} 17... Re8 18. a4 e4 19. Nd2 Bxb2 20. Ra2 Be5 21. Ndxe4 Bf5 22. a5 Nc8 23. Ng3 Be6 24. Nxe6 Rxe6 25. Rd8+ Kg7 26. Rc2 Rc6 27. Rxc6 bxc6 28. Rd7 a6 29. Ne4 Ra7 30. Rd8 Ne7 31. Re8 Bb2 32. g4 {Barsov,A (2505)-Debashis,D (2352) Sort 2009 1-0 (49)}) ({RR} 17... Re8 18. Nd2 Re7 19. Nde4 Bd7 20. Nxd7 Nxd7 21. Rac1 Nb6 22. g4 f5 23. Ng3 fxg4 24. Rd6 Kf7 25. Bd1 Bf8 26. Bxg4 e4 27. Bd1 Rae8 28. Rd4 Kg7 29. a4 Nd7 30. a5 Nf6 31. Ba4 Rb8 32. Ne2 {Harutyunyan,T (2526)-Zarubitski,V (2423) Astana KAZ 2023 1-0 (51)}) 18. h3 Rac8 {Here I actually thought for some time, but now I cannot understand why, 19.xb7 is the only way to seriously play for a win. Hier überlegte ich tatsächlich einige Zeit, aber jetzt verstehe ich nicht mehr warum; 19.xb7 ist der einzige Weg, ernsthaft auf Gewinn zu spielen.} 19. Nxb7 Be6 {White is a pawn up, but Black has some activity, and White has problems consolidating. Weiß besitzt einen Mehrbauern, doch Schwarz verfügt über einige Aktivität, und Weiß hat Probleme bei der Konsolidierung.} 20. b3 {I decided that this was the least of the evils, not being satisfied with lines like Ich beschloss, dass dies das geringste Übel war, denn andere Abspiele befriedigten mich nicht, zum Beispiel} (20. Rd2 Rc7 21. Nd6 (21. Na5 Rfc8 22. Rad1 Rc2 {with some activity, mit einiger Aktivität.}) 21... Rd8 {with compensation, mit Kompensation,}) (20. Nd6 Rc2 21. Rd2 Rxd2 22. Nxd2 Rd8 23. N2c4 e4 {with a likely draw. mit wahrscheinlichem Remis.}) 20... Rc2 21. Bf1 Nd5 22. Bc4 Nc3 23. Rd2 Rxd2 24. Nxd2 e4 25. Kf1 Rb8 (25... Bc8 {does not quite work: funktioniert nicht ganz:} 26. Nd6 Rd8 {and now, instead of xc8 xc8, when White has minimal winning chances, there follows some nice tactics: und nun, statt xc8 xc8, wonach Weiß nur minimale Gewinnchancen hat, folgt eine hübsche taktische Einlage:} (26... Nb5 27. Nxc8 Bxa1 (27... Rxc8 28. Rc1 Nc3 29. Nxe4 $1) 28. Ne7+) 27. Bxf7+ Kf8 28. Nxc8 Kxf7 29. Nc4 Nb5 30. Rc1 Rxc8 31. a4 $18) 26. Nc5 Bxc4+ $2 (26... Na4 {Objectively this gives the best drawing chances: Objektiv gibt dies die besten Remischancen:} 27. Nxe6 Bxa1 28. bxa4 fxe6 29. Bxe6+ Kg7 30. Nxe4 {It is on the other hand clear that defending this endgame would have been a long and probably impossible task. Andererseits ist klar, dass die Verteidigung dieses Endspiels eine lange und wahrscheinlich unmögliche Aufgabe wäre.}) 27. Nxc4 Rb5 (27... Na4 {leads absolutely nowhere: führt absolut zu nichts:} 28. Na6 Rd8 29. Rc1 Nc3 30. a3) 28. Na6 $1 {My opponent had probably underestimated this move, after which he has big problems. The knight looks a little awkward here, but together with the other knight it takes away important squares from the rook, while preparing b4, which will free the rook and lead to relatively easily won position. Diesen Zug, nach dem er große Probleme hat, hatte mein Gegner wahrscheinlich unterschätzt. Der Springer scheint hier ein wenig komisch zu stehen, doch gemeinsam mit seinem Kollegen nimmt er dem Turm wichtige Felder und bereitet gleichzeitig b4 vor, was den Turm befreit und zu einer relativ leicht gewonnenen Stellung führt.} Bf8 29. b4 $1 {This is the key. I very much liked the motifs that occured after this move. Das ist der Schlüssel. An den sich nach diesem Zug ergebenden Motiven fand ich großen Gefallen.} Bxb4 {This cannot really be called a mistake, as the alternatives were just depressing. Dies ist nicht wirklich als Fehler zu bezeichnen, denn die Alternativen waren einfach trübselig.} 30. a4 Rb7 31. Rc1 {Now the pin will be lethal. Nun wird die Fesselung tödlich sein.} Nd5 32. Rb1 f5 (32... Re7 33. Nxb4 Rb7 {could have been tried, but hätte man versuchen können, doch} 34. Nxd5 Rxb1+ 35. Ke2 Rc1 36. Nd6 f5 37. g4 {should win without much trouble. sollte ohne allzu große Schwierigkeiten gewinnen.}) 33. a5 {Taking away the b6 square, freeing the knight and finally sealing Black's fate. Nimmt ihm das Feld b6, befreit den Springer und besiegelt schließlich das Schicksal von Schwarz.} Kg7 ({Now Nun könnte auf} 33... Re7 {could be met by the funny little trick der witzige kleine Trick} 34. Nxb4 Rb7 35. Nb6 $1 {folgen.}) (33... Rb5 34. g3 $1 {The most precise, after which Black might as well resign. Am genauesten, wonach Schwarz ebenso gut aufgeben könnte.} (34. Nd6 {Here Black at least has some kind of counterplay: Hier hat Schwarz zumindest irgendeine Art von Gegenspiel:} Rxa5 35. Nxb4 Nxb4 36. Rxb4 Ra1+ 37. Ke2 Ra2+ 38. Ke1 Ra1+ 39. Kd2 Ra2+ 40. Kc3 Rxf2)) 34. Ne5 f4 {As well as being lost, Onischuk was running out of time, which explains his last moves, which were rather desperate. Onischuk stand nicht nur auf Verlust, sondern ihm ging auch die Zeit aus, was seine letzten Züge erklärt, die ziemlich verzweifelt waren.} 35. exf4 e3 36. fxe3 Nxe3+ 37. Kg1 Nd5 38. Kh1 {And here he lost on time. An important and pleasing win for me. Und hier verlor er auf Zeit. Ein wichtiger und erfreulicher Sieg für mich.} 1-0

[Event "Biel GM"]
[Site "Biel"]
[Date "2007.07.29"]
[Round "6"]
[White "Grischuk, Alexander"]
[Black "Carlsen, Magnus"]
[Result "1/2-1/2"]
[WhiteElo "2726"]
[BlackElo "2710"]
[PlyCount "110"]
[EventDate "2007.07.23"]
[EventType "tourn"]
[EventRounds "9"]
[EventCountry "SUI"]
[EventCategory "18"]
[SourceTitle "CBM 120"]
[Source "ChessBase"]
[SourceDate "2007.10.02"]
[SourceVersion "1"]
[SourceVersionDate "2007.10.02"]
[SourceQuality "1"]

1. d4 {Illingworth,Max} Nf6 2. c4 e6 3. Nf3 c5 4. e3 d5 ({RR} 4... cxd4 5. exd4 d5 6. Nc3 ({RR} 6. a3 Be7 7. Nc3 O-O 8. c5 Ne4 9. Qc2 f5 10. b4 Bf6 11. Bd3 Nc6)) ({RR} 4... a6 5. a3 ({RR} 5. Nc3 d5) 5... d5 ({RR} 5... b6 6. d5 exd5 7. cxd5 b5 8. Nc3 d6 9. e4 g6 10. h3 Bg7 11. Bd3 O-O 12. O-O) 6. dxc5 Bxc5 7. b4 Be7 8. Bb2 O-O 9. Nbd2) 5. cxd5 ({RR} 5. Nc3 Nc6 6. a3 a6 7. dxc5 Bxc5 8. b4 Ba7 9. Bb2 O-O 10. Qc2 Qe7 11. Rd1 Rd8 12. Be2 d4 13. exd4 Nxd4 14. Nxd4 Bxd4 15. O-O e5 16. Na4) 5... exd5 6. Bb5+ Bd7 ({RR} 6... Nbd7 7. Nc3 a6 8. Be2 Be7 9. O-O O-O 10. b3 b5 11. dxc5 Nxc5 12. Bb2 Bb7) ({RR} 6... Nc6 7. O-O Bd6 8. dxc5 Bxc5 9. b3 O-O 10. Bb2 Bg4 11. Bxc6 ({RR} 11. h3 Bh5) 11... bxc6 12. Nbd2 Rc8 13. Qc2 Nd7 14. Ne5 Nxe5 15. Qxc5 Nd3 16. Qd4 Nxb2 17. Qxg4 c5) 7. Bxd7+ Nbxd7 8. dxc5 Nxc5 ({RR} 8... Bxc5 9. O-O O-O 10. Nc3 Nb6 11. b3) 9. O-O Be7 ({RR} 9... Bd6 10. Bd2 ({RR} 10. b3 O-O 11. Bb2) 10... O-O 11. Bc3 Nfe4 12. Bd4 Rc8 13. Nc3 Ne6) 10. Nc3 ({RR} 10. Bd2 O-O 11. Bc3 ({RR} 11. Bb4 Nce4 12. Bxe7 Qxe7) 11... Nfe4 12. Bd4 Ne6 ({RR} 12... Rc8 13. Nc3 Nxc3 14. Bxc3 Ne4) 13. Nc3 Nxd4 14. Nxd4 Nxc3 15. bxc3 Qd7 16. Qb3 Rac8 17. Rfd1 Rc5 18. Rd3) 10... O-O 11. b3 Nce4 ({RR} 11... Qa5 12. Nxd5 Nxd5 13. Qxd5 Rfd8 14. Qc4 b5 15. Qc2 Rac8 16. Qb1) ({RR} 11... Rc8 12. Bb2 Re8 13. Ne2 Qa5 14. a3 Qb5 15. Nfd4 Qd7 16. Rc1 Bd6 17. Nf4 Bxf4 ({RR} 17... Be5) 18. exf4) 12. Ne2 ({RR} 12. Bb2 Qa5 ({RR} 12... Rc8)) 12... Rc8 ({RR} 12... Qa5 13. Bb2 Ba3 ({RR} 13... Rfe8 14. Nfd4 Bd6 15. f3 Nc5 16. Nf5 Be5 17. Ned4) ({RR} 13... Rac8 14. Nfd4 Ba3 15. Bxa3 Qxa3 16. f3 Ng5 17. Qd2 Ne6 18. Rac1 Nxd4 19. Nxd4 a6 20. Rc3 Rxc3 21. Qxc3) 14. Bxa3 Qxa3 15. Qc1 ({RR} 15. Nf4 Nc3 16. Qd2 Rfc8 17. Nd4) 15... Qa6 ({RR} 15... Qxc1 16. Raxc1 Rac8 17. Nfd4) ({RR} 15... Qd6 16. Qb2 Rac8 17. h3 ({RR} 17. Nf4) 17... Rc5 18. Rac1 Rfc8 19. Nfd4 Qd7 ({RR} 19... g6) 20. Rxc5 Rxc5 21. Rc1 Qc8 22. Rxc5 Qxc5 23. f3 Nd6 24. Kf2) 16. Qb2 Rac8 17. Nfd4 Rc7 ({RR} 17... Nc5 18. Rad1 g6 ({RR} 18... Nd3 19. Qd2) 19. Nf4) 18. Rac1 ({RR} 18. f3 Nc5 19. Qd2) ({RR} 18. a4) 18... Rfc8 ({RR} 18... Nc5 19. Qa1 Rfc8 20. h3 Nd3 21. Rxc7 Rxc7 22. Rd1) 19. a4 ({RR} 19. Rxc7 Rxc7 20. Rc1 Qb6 21. Rxc7 Qxc7 22. f3 Nd6 23. Nf4) 19... Qb6 20. Nb5 ({RR} 20. Rxc7 Rxc7 21. Rc1 Ng4) 20... Rxc1 21. Rxc1 Rxc1+ 22. Qxc1 g6 23. f3 Nc5 24. Qc3 a6 25. Nbd4 Qd6 ({RR} 25... Qc7 26. Nf5 gxf5 27. Qxf6 Qa5) 26. h4 ({RR} 26. Nf4) 26... b6 27. g3 {Aronian,L (2780)-Caruana,F (2805) Stavanger 2015 CBM 167 [Illingworth,Max] 1-0 (60)} ({RR} 27. Nf4 a5 28. g4)) 13. Bb2 Qd7 ({RR} 13... Re8 14. Rc1 Qa5 15. a4 Bb4 16. h3) 14. Ne5 $146 ({RR} 14. h3 b5 15. Ne5 Qb7 16. f3 Nc5 17. Nd3 Rfe8 18. Nd4 Nfd7 19. Nf5 Bf8 20. Nf4 Nb6 21. Nh5 Ne6 22. f4 Kh8 23. Rf3 f6 24. Rg3 Qf7 25. Nh6 gxh6 26. Bxf6+ Bg7 27. Bxg7+ Nxg7 28. Rxg7 Qe6 {Ashwath Kaushik (2264)-Kovalskyi,R (2180) Hajduszoboszlo HUN 2025 1-0 (32)}) 14... Qd6 15. f3 Nc5 16. Qd2 Ne6 17. Rfd1 Rfd8 18. Nd3 Ne8 19. Ndf4 Nxf4 20. Nxf4 Bf6 21. Rac1 Rxc1 22. Qxc1 Bxb2 23. Qxb2 Nf6 24. Rd4 Qc5 25. Qd2 h6 26. h3 Rd7 27. Rd3 Rd8 28. Kh1 Re8 29. Nxd5 Nxd5 30. Rxd5 Qxe3 31. Qxe3 Rxe3 32. Rd8+ Kh7 33. Rd7 Re2 34. a4 b6 35. Rxf7 Rb2 36. Rxa7 Rxb3 37. Kh2 b5 38. axb5 Rxb5 39. g4 h5 40. Kg3 hxg4 41. hxg4 Kg8 42. f4 g6 43. Kf3 Rb4 44. Rd7 Kf8 45. g5 Ra4 46. Ke3 Rb4 47. Rd4 Rb1 48. Ke4 Re1+ 49. Kd5 Kf7 50. Kc6 Rc1+ 51. Kd7 Rc5 52. Kd6 Rf5 53. Rc4 Kg8 54. Ke7 Kg7 55. Ke6 Kg8 1/2-1/2